Alienation covenants and the Landlord and Tenant Act 1988: it ain't over until the landlord consents (Record no. 118487)

MARC details
000 -LEADER
fixed length control field 01651cam a2200277 4500
001 - CONTROL NUMBER
control field ABS68648
008 - FIXED-LENGTH DATA ELEMENTS--GENERAL INFORMATION
fixed length control field 050125n2004 000 0 eng u
035 ## - SYSTEM CONTROL NUMBER
System control number (Sirsi) u128607
100 ## - MAIN ENTRY--PERSONAL NAME
Personal name Sandham, J.A.
245 ## - TITLE STATEMENT
Title Alienation covenants and the Landlord and Tenant Act 1988: it ain't over until the landlord consents
260 ## - PUBLICATION, DISTRIBUTION, ETC.
Date of publication, distribution, etc. 2004
490 ## - SERIES STATEMENT
Series statement Conveyancer and Property Lawyer
Volume/sequential designation (68) November/December 2004, 453-481(29)
520 ## - SUMMARY, ETC.
Summary, etc. Questions whether the Landlord and Tenant Act 1988 has succeeded in settling the problems with alienation covenants that it was designed to solve. Examines how easily landlords could refuse consent to assign or sublet commercial leases before the 1988 Act. Scrutinises the Law Commission's efforts to change the law. Reviews case law in which the Act has been applied and highlights issues that the Law Commission has failed to address. Discusses the concept of reasonableness in respect of the landlord's refusal and the use of collateral deeds. Considers whether the Act is only applicable in respect of actions for breach of statutory duty, requests for further information and the issues raised by the adoption of the Landlord and Tenant (Covenants) Act 1995.
590 ## - LOCAL NOTE (RLIN)
Local note ABS
590 ## - LOCAL NOTE (RLIN)
Local note ABS
650 ## - SUBJECT ADDED ENTRY--TOPICAL TERM
Topical term or geographic name entry element LANDLORD AND TENANT (COVENANTS) ACT 1995 S22
650 ## - SUBJECT ADDED ENTRY--TOPICAL TERM
Topical term or geographic name entry element LANDLORD AND TENANT ACT 1988
650 ## - SUBJECT ADDED ENTRY--TOPICAL TERM
Topical term or geographic name entry element LANDLORD AND TENANT ACT 1927 S19
650 ## - SUBJECT ADDED ENTRY--TOPICAL TERM
Topical term or geographic name entry element LAW OF PROPERTY ACT 1925 S146
650 ## - SUBJECT ADDED ENTRY--TOPICAL TERM
Topical term or geographic name entry element CIVIL PROCEDURE RULES 1998
650 ## - SUBJECT ADDED ENTRY--TOPICAL TERM
Topical term or geographic name entry element COMMERCIAL LEASES
650 ## - SUBJECT ADDED ENTRY--TOPICAL TERM
Topical term or geographic name entry element ALIENATION CLAUSES
650 ## - SUBJECT ADDED ENTRY--TOPICAL TERM
Topical term or geographic name entry element REASONABLE BEHAVIOUR
690 ## - LOCAL SUBJECT ADDED ENTRY--TOPICAL TERM (OCLC, RLIN)
Topical term or geographic name as entry element LANDLORD AND TENANT
9 (RLIN) 6252
942 ## - ADDED ENTRY ELEMENTS (KOHA)
Suppress in OPAC 0
Holdings
Withdrawn status Lost status Source of classification or shelving scheme Damaged status Not for loan Home library Current library Shelving location Date acquired Total Checkouts Full call number Barcode Date last seen Copy number Price effective from Koha item type
    Dewey Decimal Classification     London London Journal article 25/01/2005   ABS68648 128607-1001 06/08/2019 1 06/08/2019 Journal article